000 00787nam a2200253 i 4500
001 178112
003 ES-MaACL
005 20230906220500.0
007 t|
008 110518s1964 sp r ||||1| spa d
080 _a330.14
080 _a331.2
100 1 _aNell-Breuning, Oswald von.
_985357
245 1 0 _aCapitalismo y salario justo /
_cOswald von Nell-breuning ; [traducción de Luis A. Martín Merino].
260 _aBarcelona :
_bHerder,
_c1964.
300 _a183 p. ;
_c18 cm.
490 1 _aPequeña biblioteca Herder ;
_v37
650 0 4 _aCapitalismo.
_910760
650 0 4 _aSalarios.
_916967
700 0 _aMartín Merino, Luis Adolfo.
_977570
830 0 _aPequeña biblioteca Herder ;
_v37
_9190720
852 _aES-MaACL
_jE-15141
_xOlim P-274
999 _c178112
_d178112